MAASAI MARA UNIVERSITY

LIBRARY CATALOGUE

Contact Us: +254 020 2685356/7 or 0774 057787

Box: 861-20500, NAROK, KENYA

Email: info@mmarau.ac.ke

_Your guide to college success John W.santrock (Record no. 12732)

MARC details
000 -LEADER
fixed length control field 00398nam a2200133Ia 4500
008 - FIXED-LENGTH DATA ELEMENTS--GENERAL INFORMATION
fixed length control field 151021s9999 xx 000 0 und d
020 ## - INTERNATIONAL STANDARD BOOK NUMBER
International Standard Book Number 9.781114674e+011
050 ## - LIBRARY OF CONGRESS CALL NUMBER
Classification number LB 2343.32 .S26 2010
245 ## - TITLE STATEMENT
Title _Your guide to college success John W.santrock
260 ## - PUBLICATION, DISTRIBUTION, ETC. (IMPRINT)
Place of publication, distribution, etc. Ohio Cengage learning 2008
300 ## - PHYSICAL DESCRIPTION
Extent xxxv,393,30p.;ill
650 ## - SUBJECT ADDED ENTRY--TOPICAL TERM
Topical term or geographic name as entry element _College success
980 ## - EQUIVALENCE OR CROSS-REFERENCE-SERIES STATEMENT--PERSONAL NAME/TITLE [LOCAL, CANADA]
Personal name ^d20120831 10:39:00^oanne

No items available.

© 2016 Maasai Mara University.